Probing the links between drugs and crime
| 1. VerfasserIn: | |
|---|---|
| Medienart: | Druck Buch |
| Sprache: | Englisch |
| Veröffentlicht: |
Washington, D.C.
U.S. Dep. of Justice, National Inst. of Justice
1985
|
| In: | Jahr: 1985 |
| Bestand in Tübingen: | In Tübingen vorhanden. IFK: 6676 UB: KB 7 E 602 |
| Verfügbarkeit prüfen: | HBZ Gateway |
| Subito Bestelldienst: | Jetzt bestellen. |
| Schlagwörter: |
MARC
| LEADER | 00000cam a22000002c 4500 | ||
|---|---|---|---|
| 001 | 1091028001 | ||
| 003 | DE-627 | ||
| 005 | 20230427063752.0 | ||
| 007 | tu | ||
| 008 | 900717s1985 xx ||||| 00| ||eng c | ||
| 035 | |a (DE-627)1091028001 | ||
| 035 | |a (DE-576)021028001 | ||
| 035 | |a (DE-599)BSZ021028001 | ||
| 035 | |a (OCoLC)311285619 | ||
| 040 | |a DE-627 |b ger |c DE-627 |e rakwb | ||
| 041 | |a eng | ||
| 100 | 1 | |a Gropper, Bernard A. |4 aut | |
| 245 | 1 | 0 | |a Probing the links between drugs and crime |
| 264 | 1 | |a Washington, D.C. |b U.S. Dep. of Justice, National Inst. of Justice |c 1985 | |
| 300 | |a 5 S. | ||
| 336 | |a Text |b txt |2 rdacontent | ||
| 337 | |a ohne Hilfsmittel zu benutzen |b n |2 rdamedia | ||
| 338 | |a Band |b nc |2 rdacarrier | ||
| 490 | 0 | |a Research in brief / National Institute of Justice | |
| 583 | 1 | |a Archivierung prüfen |c 20200919 |f DE-640 |z 2 |2 pdager | |
| 951 | |a BO | ||
| ELC | |b 1 | ||
| LOK | |0 000 xxxxxcx a22 zn 4500 | ||
| LOK | |0 001 2147752355 | ||
| LOK | |0 003 DE-627 | ||
| LOK | |0 004 1091028001 | ||
| LOK | |0 005 19900717000000 | ||
| LOK | |0 008 900717||||||||||||||||ger||||||| | ||
| LOK | |0 040 |a DE-21 |c DE-627 |d DE-21 | ||
| LOK | |0 852 |a DE-21 | ||
| LOK | |0 852 1 |c KB 7 E 602 |9 00 | ||
| LOK | |0 935 |a krim | ||
| LOK | |0 936ln |a k1 | ||
| LOK | |0 939 |a 17-07-90 |b l01 | ||
| LOK | |0 000 xxxxxcx a22 zn 4500 | ||
| LOK | |0 001 2871729352 | ||
| LOK | |0 003 DE-627 | ||
| LOK | |0 004 1091028001 | ||
| LOK | |0 005 20151110073454 | ||
| LOK | |0 008 151110||||||||||||||||ger||||||| | ||
| LOK | |0 040 |a DE-21-110 |c DE-627 |d DE-21-110 | ||
| LOK | |0 689 |a s |a Drogen | ||
| LOK | |0 689 |a s |a Kriminalität | ||
| LOK | |0 852 |a DE-21-110 | ||
| LOK | |0 852 1 |c 6676 |m p |9 00 | ||
| LOK | |0 938 |k p | ||
| LOK | |0 939 |a 10-11-15 |b l01 | ||
| ORI | |a SA-MARC-krimdoka001.raw | ||
| SIG | |a IFK: 6676 | ||
| SIG | |a UB: KB 7 E 602 | ||
